000 00885nam a2200277 a 4500
001 59451
003 BD-RjUL
005 20211209080731.0
008 161226s1988 nyua b 001 0 eng
020 _a0070350647 :
_c$37.95
035 _a(BD-RjUL)59575
040 _aDLC
_cDLC
_dDLC
_beng
041 _aeng
082 0 0 _a346.7307
_219
_bCLL 1988
100 1 _aClark, Lawrence S.
_9176817
245 1 0 _aLaw and business /
_cLawrence S. Clark, Peter D. Kinder ; with a contributed chapter by Carolyn Hotchkiss.
250 _a2nd ed.
260 _aNew York :
_bMcGraw-Hill,
_cc1988.
300 _axxxiii, 1131 p. :
_bill. ;
_c25 cm.
504 _aIncludes bibliographical references and index.
650 0 _aCommercial law
_zUnited States.
_9175949
700 1 _aKinder, Peter D.
_9176818
700 1 _aHotchkiss, Carolyn.
_9176819
942 _2ddc
_cBK
999 _c59451
_d59451